000 00389nam a2200169Ia 4500
008 221030s9999 xx 000 0 und d
020 _a0074632728
041 _aEnglish
082 _a105.23
_bMil
100 _aM. Milenkovic
245 0 _aOperating Systems Concepts & Design
250 _a2nd
260 _bTMH
_aNew Delhi
_c2006
300 _a755
650 _aComputers
942 _cBK
999 _c3477
_d3477